00653 a2200217 4500003000700000005001700007008004100024020001800065040002500083041000800108050001400116100001900130245005800149260004600207300003400253336002800287337003000315338002700345504005300372650001000425CBULib20231215143833.0231215b |||||||| |||| 00| 0 eng d a9780192893208 bEnglishcCBULiberda aeng aBC 71 Pri aPriest, Graham aLogic : a very short introductionc/ by Graham Priest bOxford University Press,c2000.aOxford : axi, 140 pages : illustrations 2rdacontentaText |btxt 2rdamediaaUnmediated |bn 2rdacarrieraVolumebnc aIncludes bibliographical references and an index 0aLOGIC